[Event "Heusenstamm Schloss op"]
[Site "Heusenstamm"]
[Date "2023.11.25"]
[Round "4"]
[White "Kanno, Clara Yumi"]
[Black "Motzer, Marc"]
[Result "0-1"]
[WhiteElo "1388"]
[BlackElo "1725"]
[PlyCount "96"]
[EventDate "2023.11.23"]
[EventType "swiss"]
[EventRounds "7"]
[EventCountry "GER"]
[SourceTitle "CB50_2023"]
[SourceDate "2023.12.13"]
[SourceVersion "1"]
[SourceVersionDate "2023.12.13"]
[SourceQuality "1"]

1. d4 Nf6 2. Bf4 g6 3. e3 Bg7 4. c3 0-0 5. Nf3 d6 6. Be2 Nbd7 7. h3 b6 8. Nbd2 Bb7 9. 0-0 Ne4 10. Nxe4 Bxe4 11. Nd2 Bb7 12. Bf3 Qc8 13. Re1 e5 14. Bh2 f5 15. Bxb7 Qxb7 16. Nf3 e4 17. Qb3+ d5 18. Nd2 c5 19. Rec1 c4 20. Qc2 b5 21. b3 Rf6 22. bxc4 bxc4 23. Rcb1 Rb6 24. Rxb6 axb6 25. a4 Qc6 26. Nf1 Bf6 27. Bg3 Be7 28. Nh2 b5 29. a5 Nb6 30. f3 Na4 31. fxe4 dxe4 32. Be5 Bd6 33. Bxd6 Qxd6 34. g4 Qg3+ 35. Qg2 Qxe3+ 36. Kh1 f4 37. Rf1 Nxc3 38. g5 Qg3 39. Qd2 Rxa5 40. Qxf4 Qxf4 41. Rxf4 Ne2 42. Rf6 c3 43. Ng4 Ng3+ 44. Kg2 Nf5 45. Rc6 Ra2+ 46. Kg1 c2 47. d5 Ra1+ 48. Kg2 c1Q 0-1